|
|
|
|
| LEADER |
00000cam a22000004a 4500 |
| 001 |
musev2_28895 |
| 003 |
MdBmJHUP |
| 005 |
20230905043047.0 |
| 006 |
m o d |
| 007 |
cr||||||||nn|n |
| 008 |
131017s2014 miu o 00 0 eng d |
| 010 |
|
|
|z 2020707361
|
| 020 |
|
|
|a 9780472901319
|
| 020 |
|
|
|z 9780472119301
|
| 020 |
|
|
|z 9780472120215
|
| 035 |
|
|
|a (OCoLC)871189760
|
| 040 |
|
|
|a MdBmJHUP
|c MdBmJHUP
|
| 100 |
1 |
|
|a Ciorciari, John D.
|q (John David),
|e author.
|
| 245 |
1 |
0 |
|a Hybrid Justice :
|b The Extraordinary Chambers in the Courts of Cambodia /
|c John D. Ciorciari and Anne Heindel.
|
| 264 |
|
1 |
|a Ann Arbor :
|b The University of Michigan Press,
|c [2014]
|
| 264 |
|
3 |
|a Baltimore, Md. :
|b Project MUSE,
|c 2014
|
| 264 |
|
4 |
|c ©[2014]
|
| 300 |
|
|
|a 1 online resource (432 pages).
|
| 336 |
|
|
|a text
|b txt
|2 rdacontent
|
| 337 |
|
|
|a computer
|b c
|2 rdamedia
|
| 338 |
|
|
|a online resource
|b cr
|2 rdacarrier
|
| 490 |
0 |
|
|a Law, meaning, and violence
|
| 505 |
0 |
|
|a Forging a hybrid court : a mountain never has two tigers -- Pairing the court's national and international features -- Serving two masters : dual administration, oversight, and funding -- Case 001 : convicting an infamous Khmer Rouge torture chief : you cannot cover an elephant with a rice basket -- Case 002 : the centerpiece case against senior leaders : cutting the head to fit the hat? -- Cases 003 & 004 : the politics of personal jurisdiction : no gain in keeping, no loss in weeding out -- A historic first : recognizing victims as case parties -- Connecting to Cambodians : outreach and legacy.
|
| 506 |
0 |
|
|a Open Access
|f Unrestricted online access
|2 star
|
| 520 |
|
|
|a A definitive scholarly treatment of the ECCC from legal and political perspectives.
|
| 546 |
|
|
|a English.
|
| 588 |
|
|
|a Description based on print version record.
|
| 650 |
|
7 |
|a Justice, Administration of.
|2 fast
|0 (OCoLC)fst00985154
|
| 650 |
|
7 |
|a Courts.
|2 fast
|0 (OCoLC)fst00881747
|
| 650 |
|
7 |
|a POLITICAL SCIENCE
|x World
|x African.
|2 bisacsh
|
| 650 |
|
7 |
|a POLITICAL SCIENCE
|x Government
|x Judicial Branch.
|2 bisacsh
|
| 650 |
|
7 |
|a LAW
|x Legal Services.
|2 bisacsh
|
| 650 |
|
7 |
|a LAW
|x Civil Procedure.
|2 bisacsh
|
| 650 |
|
6 |
|a Tribunaux
|z Cambodge
|v Jurisprudence.
|
| 650 |
|
6 |
|a Tribunaux
|z Cambodge.
|
| 650 |
|
0 |
|a Justice, Administration of
|z Cambodia.
|
| 650 |
|
0 |
|a Courts
|z Cambodia
|v Cases.
|
| 650 |
|
0 |
|a Courts
|z Cambodia.
|
| 651 |
|
7 |
|a Cambodia.
|2 fast
|0 (OCoLC)fst01207659
|
| 655 |
|
7 |
|a Trials, litigation, etc.
|2 fast
|0 (OCoLC)fst01423712
|
| 655 |
|
0 |
|a Electronic book.
|
| 655 |
|
7 |
|a Electronic books.
|2 local
|
| 700 |
1 |
|
|a Heindel, Anne,
|e author.
|
| 710 |
2 |
|
|a Project Muse.
|e distributor
|
| 830 |
|
0 |
|a Book collections on Project MUSE.
|
| 856 |
4 |
0 |
|z Texto completo
|u https://projectmuse.uam.elogim.com/book/28895/
|
| 945 |
|
|
|a Project MUSE - 2014 Political Science and Policy Studies
|
| 945 |
|
|
|a Project MUSE - 2014 Asian and Pacific Studies
|
| 945 |
|
|
|a Project MUSE - 2014 Complete
|